[Event "Dieren Reserve-A"]
[Site "Dieren"]
[Date "2013.08.01"]
[Round "9"]
[White "Knuiman, Jan"]
[Black "Markus, John Raymond"]
[Result "1/2-1/2"]
[WhiteElo "1977"]
[BlackElo "2056"]
[PlyCount "123"]
[EventDate "2013.07.23"]
[EventType "swiss"]
[EventRounds "9"]
[EventCountry "NED"]
[SourceTitle "EXT 2014"]
[Source "ChessBase"]
[SourceDate "2013.11.20"]
[SourceVersion "1"]
[SourceVersionDate "2013.11.20"]
[SourceQuality "1"]

1. e4 e5 2. Nf3 Nc6 3. c3 d6 4. Bc4 Be7 5. d4 Nf6 6. d5 Nb8 7. Bd3 O-O 8. h3 c5
9. Qe2 a6 10. a4 Nbd7 11. c4 Ne8 12. Bd2 g6 13. g4 Ng7 14. Nc3 b6 15. Nd1 Rb8
16. Ne3 Nf6 17. b3 Bd7 18. Nd1 Nfe8 19. Ne3 Kh8 20. Rg1 Rg8 21. Nd1 Nc7 22. h4
b5 23. axb5 axb5 24. Ra7 bxc4 25. bxc4 Ra8 26. Rxa8 Qxa8 27. Ng5 Rf8 28. h5
Bxg5 29. Bxg5 f6 30. Bh6 g5 31. Qf3 Qa5+ 32. Kf1 Kg8 33. Kg2 Qd2 34. Be2 Qf4
35. Ne3 Rb8 36. Ra1 Qxf3+ 37. Kxf3 Nge8 38. Ra7 Kf7 39. Bd1 Ra8 40. Rb7 Ra3 41.
Kg2 Ra1 42. Be2 Bc8 43. Rb8 Ra8 44. Rb6 Bd7 45. Rb7 Ra4 46. Kf3 Rb4 47. Ra7 Bc8
48. Kg2 Rb8 49. Ra2 Ra8 50. Rb2 Ke7 51. Rb6 Ra4 52. Rb2 Rb4 53. Ra2 Rb6 54. Kf3
Kf7 55. Kg2 Na6 56. Ra3 Nec7 57. Kg3 Bd7 58. Kf3 Rb4 59. Bd1 Kg8 60. Kg3 Kf7
61. Kf3 Kg8 62. Kg2 1/2-1/2

[Event "Politiken Cup 35th"]
[Site "Helsingor"]
[Date "2013.08.01"]
[Round "7"]
[White "Nordin, Eric"]
[Black "Kyrkjebo, Marte Bakken"]
[Result "1/2-1/2"]
[WhiteElo "1874"]
[BlackElo "1641"]
[PlyCount "91"]
[EventDate "2013.07.27"]
[EventType "swiss"]
[EventRounds "10"]
[EventCountry "DEN"]
[SourceTitle "CBM 155 Extra"]
[Source "ChessBase"]
[SourceDate "2013.08.26"]
[SourceVersion "1"]
[SourceVersionDate "2013.08.26"]
[SourceQuality "1"]

1. e4 e5 2. Nf3 Nc6 3. c3 d5 4. Qa4 f6 5. exd5 Qxd5 6. d4 Bd7 7. Qc4 Qxc4 8.
Bxc4 exd4 9. cxd4 Bd6 10. Nc3 O-O-O 11. O-O Nge7 12. Nb5 Bb4 13. Bf4 Ba5 14. d5
Ne5 15. d6 N7g6 16. Nxa7+ Kb8 17. Bxe5 Nxe5 18. Nxe5 fxe5 19. dxc7+ Bxc7 20.
Nb5 Bxb5 21. Bxb5 Rd2 22. b3 Bb6 23. Rae1 Rxa2 24. Rxe5 Rf8 25. Re8+ Rxe8 26.
Bxe8 Rb2 27. Bf7 Bc5 28. g4 h6 29. Kg2 Kc7 30. h4 Be7 31. Kh3 Rc2 32. Be6 Rc3+
33. f3 Bd6 34. Rf2 Rc1 35. Kg2 Be7 36. h5 b6 37. Rd2 Bf6 38. Kf2 Rc5 39. Rd3
Bh4+ 40. Ke2 Re5+ 41. Re3 Rxe3+ 42. Kxe3 Kd6 43. Bc4 Ke5 44. f4+ Kf6 45. Ke4
Bf2 46. Bf1 1/2-1/2

[Event "Politiken Cup 35th"]
[Site "Helsingor"]
[Date "2013.07.31"]
[Round "6"]
[White "Danielsen, Henrik"]
[Black "Saduakassova, Dinara"]
[Result "1-0"]
[WhiteElo "2510"]
[BlackElo "2340"]
[PlyCount "83"]
[EventDate "2013.07.27"]
[EventType "swiss"]
[EventRounds "10"]
[EventCountry "DEN"]
[SourceTitle "CBM 155 Extra"]
[Source "ChessBase"]
[SourceDate "2013.08.26"]
[SourceVersion "1"]
[SourceVersionDate "2013.08.26"]
[SourceQuality "1"]

1. e4 e5 2. Nf3 Nc6 3. c3 f5 4. exf5 d5 5. Bb5 Qf6 6. O-O Bd6 7. d4 e4 8. Ne5
Nge7 9. Qh5+ g6 10. Qg5 Qxf5 11. Nxc6 bxc6 12. Be2 O-O 13. Na3 Bd7 14. Nc2 Qxg5
15. Bxg5 Nf5 16. f3 h6 17. Bd2 Kg7 18. fxe4 dxe4 19. Ne3 c5 20. d5 c6 21. dxc6
Bxc6 22. Rad1 Rad8 23. Nxf5+ gxf5 24. Be3 Rf6 25. g3 Rb8 26. b4 Be5 27. Bxc5
Bxc3 28. Rc1 Be5 29. a3 Rb7 30. Be3 Bb5 31. Bxb5 Rxb5 32. Bxa7 Ra6 33. Bc5 Bb2
34. Rc4 Kg6 35. Rb1 Bxa3 36. Ra1 Ra4 37. Kg2 Rb8 38. Rc2 Rba8 39. Rca2 Bxb4 40.
Rxa4 Rxa4 41. Rxa4 Bxc5 42. Ra6+ 1-0

[Event "Tabor op"]
[Site "Tabor"]
[Date "2013.07.31"]
[Round "5"]
[White "Lizner, Milan"]
[Black "Kaucky, Jaroslav"]
[Result "1-0"]
[WhiteElo "1983"]
[BlackElo "1783"]
[PlyCount "46"]
[EventDate "2013.07.28"]
[EventType "swiss"]
[EventRounds "9"]
[EventCountry "CZE"]
[SourceTitle "CBM 155 Extra"]
[Source "ChessBase"]
[SourceDate "2013.08.26"]
[SourceVersion "1"]
[SourceVersionDate "2013.08.26"]
[SourceQuality "1"]

1. e4 e5 2. Nf3 Nc6 3. c3 d6 4. d4 exd4 5. cxd4 Bg4 6. Be2 Be7 7. Nc3 f5 8. Nd5
Qd7 9. exf5 Bxf5 10. Ne3 Bg6 11. Qb3 O-O-O 12. d5 Ne5 13. Nxe5 dxe5 14. Bg4
Qxg4 15. Nxg4 Be4 16. O-O Bxd5 17. Qa4 h5 18. Nxe5 Bd6 19. Ng6 Rh7 20. Qxa7 Nf6
21. Bf4 Ng4 22. Bxd6 Rxd6 23. Qa8+ Kd7 1-0

[Event "Major Open"]
[Site "?"]
[Date "2013.07.31"]
[Round "?"]
[White "Tarhon, Brian"]
[Black "Wise, David"]
[Result "0-1"]
[WhiteElo "1873"]
[BlackElo "2147"]
[PlyCount "96"]
[EventDate "2013.??.??"]
[SourceTitle "OM OTB B 201907"]
[Source "Opening Master"]
[SourceDate "2019.07.06"]
[SourceVersion "2"]
[SourceVersionDate "2019.07.06"]
[SourceQuality "1"]

1. e4 e5 2. Nf3 Nc6 3. c3 Nf6 4. d4 exd4 5. e5 Nd5 6. Bc4 Nb6 7. Bb3 d5 8. cxd4
Be7 9. O-O Bg4 10. Be3 O-O 11. h3 Bh5 12. Nbd2 Kh8 13. g4 Bg6 14. Ne1 f6 15. f4
fxe5 16. fxe5 Rxf1+ 17. Nxf1 Bg5 18. Nf3 Bxe3+ 19. Nxe3 Be4 20. Nc2 a5 21. Nce1
Qf8 22. Bc2 Qf4 23. Qd2 Nxd4 24. Qxf4 Ne2+ 25. Kf2 Nxf4 26. Bxe4 dxe4 27. Ke3
exf3 28. Kxf4 Rf8+ 29. Ke4 f2 30. Nf3 Nc4 31. Rf1 Rxf3 32. Kxf3 Nd2+ 33. Kxf2
Nxf1 34. Kxf1 Kg8 35. Ke2 Kf7 36. Ke3 Ke6 37. Kd4 g5 38. b3 b6 39. a3 c6 40.
Ke4 c5 41. a4 h6 42. Kd3 Kxe5 43. Kc4 Kd6 44. Kb5 Kc7 45. Kc4 Kc6 46. Kd3 b5
47. axb5+ Kxb5 48. Ke4 c4 0-1

[Event "Politiken Cup 35th"]
[Site "Helsingor"]
[Date "2013.07.30"]
[Round "5"]
[White "Kearsley, Raymond J"]
[Black "Kyrkjebo, Hannah Bakken"]
[Result "1/2-1/2"]
[WhiteElo "1764"]
[BlackElo "1577"]
[PlyCount "78"]
[EventDate "2013.07.27"]
[EventType "swiss"]
[EventRounds "10"]
[EventCountry "DEN"]
[SourceTitle "CBM 155 Extra"]
[Source "ChessBase"]
[SourceDate "2013.08.26"]
[SourceVersion "1"]
[SourceVersionDate "2013.08.26"]
[SourceQuality "1"]

1. e4 e5 2. Nf3 Nc6 3. c3 d5 4. Qa4 f6 5. Bb5 Nge7 6. O-O Be6 7. d3 a6 8. Bxc6+
Nxc6 9. Be3 Qd7 10. Nbd2 Be7 11. Rfd1 O-O 12. exd5 Bxd5 13. Ne4 f5 14. Nc5 Bxc5
15. Bxc5 Rf6 16. Nd2 b6 17. Ba3 Rg6 18. f3 Qd8 19. Rf1 Qg5 20. Rf2 b5 21. Qc2
a5 22. Bc5 Re8 23. Re1 f4 24. Ne4 Qh5 25. d4 Rh6 26. h3 Qg6 27. Kh1 Bxe4 28.
Rxe4 Qg3 29. d5 Nd8 30. Qe2 Nf7 31. Qxb5 Rd8 32. Be7 Qxf2 33. Bxd8 Nd6 34. Qb8
Rxh3+ 35. gxh3 Qf1+ 36. Kh2 Qf2+ 37. Kh1 Qf1+ 38. Kh2 Qf2+ 39. Kh1 Qf1+ 1/2-1/2

[Event "Tabor op"]
[Site "Tabor"]
[Date "2013.07.29"]
[Round "2"]
[White "Kopecky, Jiri"]
[Black "Petr, Josef"]
[Result "0-1"]
[WhiteElo "1948"]
[BlackElo "1738"]
[PlyCount "84"]
[EventDate "2013.07.28"]
[EventType "swiss"]
[EventRounds "9"]
[EventCountry "CZE"]
[SourceTitle "CBM 155 Extra"]
[Source "ChessBase"]
[SourceDate "2013.08.26"]
[SourceVersion "1"]
[SourceVersionDate "2013.08.26"]
[SourceQuality "1"]

1. e4 e5 2. Nf3 Nc6 3. c3 d6 4. d4 exd4 5. cxd4 Bg4 6. Be2 Nf6 7. Nc3 Be7 8. d5
Bxf3 9. Bxf3 Ne5 10. Be2 O-O 11. Be3 c6 12. dxc6 bxc6 13. O-O Re8 14. Rc1 c5
15. b3 a6 16. Qc2 Nc6 17. Rfd1 Qa5 18. f4 Rec8 19. Bf3 Ra7 20. Qf2 Rac7 21. h3
Nd4 22. e5 Nxf3+ 23. gxf3 Ne8 24. Nd5 Rd7 25. b4 Qb5 26. Nxe7+ Rxe7 27. exd6
Rd7 28. bxc5 Nf6 29. Rb1 Qa4 30. Rb6 Qxd1+ 31. Kg2 Nd5 32. Rxa6 Nxe3+ 33. Qxe3
Kf8 34. Qe4 g6 35. Qe5 Kg8 36. Qe4 Rcd8 37. Rc6 Rb8 38. Rc7 Rb2+ 39. Kg3 Re2
40. Qb7 h6 41. f5 Qe1+ 42. Kg4 Rg2+ 0-1

[Event "Politiken Cup 35th"]
[Site "Helsingor"]
[Date "2013.07.28"]
[Round "3"]
[White "Kearsley, Raymond J"]
[Black "Nielsen, Bjorn"]
[Result "1-0"]
[WhiteElo "1764"]
[BlackElo "1458"]
[PlyCount "55"]
[EventDate "2013.07.27"]
[EventType "swiss"]
[EventRounds "10"]
[EventCountry "DEN"]
[SourceTitle "CBM 155 Extra"]
[Source "ChessBase"]
[SourceDate "2013.08.26"]
[SourceVersion "1"]
[SourceVersionDate "2013.08.26"]
[SourceQuality "1"]

1. e4 e5 2. Nf3 Nc6 3. c3 Nf6 4. d4 d5 5. dxe5 Ng4 6. Bb5 a6 7. Bxc6+ bxc6 8.
exd5 Qxd5 9. Qxd5 cxd5 10. O-O g6 11. Nbd2 Bc5 12. Nb3 Bf8 13. Bf4 c6 14. Rad1
Nh6 15. Nbd4 Bd7 16. Rfe1 O-O-O 17. e6 fxe6 18. Nxe6 Bxe6 19. Rxe6 Kb7 20. Ne5
Bg7 21. Re7+ Kb6 22. Rxg7 Nf5 23. Rf7 Nd6 24. Rd7 Nc4 25. Rxd8 Rxd8 26. Nxc4+
Ka7 27. Ne5 Rb8 28. Nxc6+ 1-0

[Event "Politiken Cup 35th"]
[Site "Helsingor"]
[Date "2013.07.28"]
[Round "2"]
[White "Garberg, Tore"]
[Black "Morkedal, Oyvind"]
[Result "1-0"]
[WhiteElo "1914"]
[BlackElo "1628"]
[PlyCount "59"]
[EventDate "2013.07.27"]
[EventType "swiss"]
[EventRounds "10"]
[EventCountry "DEN"]
[SourceTitle "CBM 155 Extra"]
[Source "ChessBase"]
[SourceDate "2013.08.26"]
[SourceVersion "1"]
[SourceVersionDate "2013.08.26"]
[SourceQuality "1"]

1. e4 e5 2. Nf3 Nc6 3. c3 Nf6 4. d4 exd4 5. e5 Qe7 6. cxd4 d6 7. Bb5 dxe5 8.
O-O Bd7 9. Nxe5 Nxe5 10. dxe5 Bxb5 11. exf6 Qxf6 12. Re1+ Be7 13. Nc3 Bc6 14.
Nd5 Bxd5 15. Qxd5 c6 16. Qe4 Rd8 17. h4 h6 18. Qe3 b6 19. Bd2 Rd6 20. Bc3 Qxh4
21. g3 Qg5 22. f4 Qc5 23. Qxc5 bxc5 24. Bxg7 Rg8 25. Be5 Rxg3+ 26. Kf2 Rdg6 27.
f5 Rg2+ 28. Kf3 Rg8 29. f6 Bd8 30. Rad1 1-0

[Event "Kiel op-A 26th"]
[Site "Kiel"]
[Date "2013.07.27"]
[Round "1"]
[White "Ghadimi, Mohammed Reza"]
[Black "Hopson, Kevin Mike"]
[Result "0-1"]
[WhiteElo "2157"]
[BlackElo "1810"]
[PlyCount "90"]
[EventDate "2013.07.27"]
[EventType "swiss"]
[EventRounds "9"]
[EventCountry "GER"]
[SourceTitle "OM OTB B 201907"]
[Source "Opening Master"]
[SourceDate "2019.07.06"]
[SourceVersion "2"]
[SourceVersionDate "2019.07.06"]
[SourceQuality "1"]

1. e4 e5 2. Nf3 Nc6 3. c3 d5 4. Qa4 Qd6 5. exd5 Qxd5 6. Bb5 Bd7 7. O-O Bd6 8.
d4 exd4 9. Nxd4 Nge7 10. Nxc6 Bxc6 11. Bxc6+ Qxc6 12. Qg4 h5 13. Qh3 Qd7 14.
Qf3 Qc6 15. Nd2 Qxf3 16. Nxf3 f6 17. Nd4 Kf7 18. Rd1 Rad8 19. Be3 Nd5 20. Nc2
Nxe3 21. Nxe3 Rd7 22. Rd4 Rhd8 23. Rad1 Ke6 24. Re1 Be5 25. Ra4 a6 26. Rb4 b6
27. Rh4 g6 28. f4 Bd6 29. f5+ Kf7 30. g4 gxf5 31. gxf5 Rg8+ 32. Kf1 Rg5 33. b4
Be5 34. Rc1 Rd2 35. a4 Bxh2 36. Ke1 Ra2 37. Nf1 Rg1 38. Rh3 Rag2 39. Rf3 Bg3+
40. Kd1 h4 41. Rc2 h3 42. Rd2 h2 43. Rxg2 h1=Q 44. Rxg1 Qxf3+ 45. Kc1 Qxc3+ 0-1

[Event "92. LSS No Engine Cup Preliminary 2"]
[Site "Lechenicher SchachServer"]
[Date "2013.07.27"]
[Round "?"]
[White "Kratky, Josef"]
[Black "Husemann, Andreas"]
[Result "0-1"]
[WhiteElo "1145"]
[BlackElo "2113"]
[PlyCount "31"]
[EventDate "2013.07.28"]

1. e4 e5 2. Nf3 Nc6 3. c3 Nf6 4. d4 Nxe4 5. d5 Ne7 6. Nxe5 Ng6 7. Qd4 Qf6 8.
Qxe4 Qxe5 9. Qxe5+ Nxe5 10. f4 Ng4 11. c4 Bc5 12. h3 Nf2 13. Rh2 O-O 14. Be2
Re8 15. Kf1 Ne4 16. Nd2 0-1

[Event "Maccabiah IM1"]
[Site "Jerusalem"]
[Date "2013.07.25"]
[Round "6"]
[White "Alexikov, Alexander"]
[Black "Bezgodova, Maria"]
[Result "1-0"]
[WhiteElo "2381"]
[BlackElo "2187"]
[PlyCount "61"]
[EventDate "2013.07.21"]
[EventType "tourn"]
[EventRounds "9"]
[EventCountry "ISR"]
[EventCategory "3"]
[SourceTitle "CBM 155 Extra"]
[Source "ChessBase"]
[SourceDate "2013.08.26"]
[SourceVersion "1"]
[SourceVersionDate "2013.08.26"]
[SourceQuality "1"]

1. e4 e5 2. Nf3 Nc6 3. c3 d5 4. Qa4 Qd6 5. Bb5 Bd7 6. d4 Qg6 7. exd5 Qxg2 8.
Rg1 Qxf3 9. dxc6 bxc6 10. Be2 Qd5 11. dxe5 Bc5 12. Qf4 g5 13. Rxg5 Qh1+ 14. Kd2
Rd8 15. Kc2 Qe1 16. Bd3 Be6 17. Nd2 h6 18. Rg2 Bd5 19. Ne4 Bc4 20. Rxg8+ Rxg8
21. Nf6+ Kf8 22. Qxc4 Qxf2+ 23. Kb3 a5 24. Bxh6+ Ke7 25. Nxg8+ Rxg8 26. Ka4 Rg4
27. Qxg4 Qxb2 28. Bg5+ f6 29. Bxf6+ Kf7 30. Bc4+ Ke8 31. Qe6+ 1-0

[Event "EU-chT Seniors 15th"]
[Site "Dresden"]
[Date "2013.07.25"]
[Round "6"]
[White "Fleischer, Martin"]
[Black "Alkkiomaki, Jyrki"]
[Result "0-1"]
[WhiteElo "1912"]
[BlackElo "1977"]
[PlyCount "73"]
[EventDate "2013.07.20"]
[EventType "team-swiss"]
[EventRounds "9"]
[EventCountry "GER"]
[SourceTitle "CBM 155 Extra"]
[Source "ChessBase"]
[SourceDate "2013.08.26"]
[SourceVersion "1"]
[SourceVersionDate "2013.08.26"]
[SourceQuality "1"]
[WhiteTeam "Rochade MV"]
[BlackTeam "Turku"]
[WhiteTeamCountry "GER"]
[BlackTeamCountry "FIN"]

1. e4 e5 2. Nf3 Nc6 3. c3 d5 4. Bb5 dxe4 5. Nxe5 Qd5 6. Qa4 Nge7 7. Nxc6 Nxc6
8. O-O Be7 9. c4 Qd6 10. Nc3 f5 11. Nd5 Bd7 12. Nxe7 Qxe7 13. Bxc6 Bxc6 14. Qa5
O-O 15. b3 Qf7 16. Bb2 f4 17. Qg5 Rfd8 18. Be5 f3 19. gxf3 exf3 20. d4 h6 21.
Qg3 Rac8 22. Rfe1 Bd7 23. d5 Rf8 24. h4 h5 25. Bxc7 Bg4 26. Rad1 Rxc7 27. d6
Rd7 28. Re7 Qf6 29. c5 Rxe7 30. dxe7 Re8 31. Qc7 Bf5 32. Rd3 Qg6+ 33. Qg3 Qxg3+
34. fxg3 Bg4 35. c6 bxc6 36. Rc3 Rxe7 37. Rxc6 0-1

[Event "Dieren op"]
[Site "Dieren"]
[Date "2013.07.24"]
[Round "2"]
[White "Van Osch, Mees"]
[Black "Van Mierlo, Guido"]
[Result "1-0"]
[WhiteElo "2177"]
[BlackElo "2077"]
[PlyCount "133"]
[EventDate "2013.07.23"]
[EventType "swiss"]
[EventRounds "9"]
[EventCountry "NED"]
[SourceTitle "EXT 2015"]
[Source "ChessBase"]
[SourceDate "2014.11.20"]
[SourceVersion "1"]
[SourceVersionDate "2014.11.20"]
[SourceQuality "1"]

1. e4 e5 2. Nf3 Nc6 3. c3 Nf6 4. d4 d6 5. Bb5 Bd7 6. d5 Ne7 7. Bxd7+ Qxd7 8.
Qe2 Ng6 9. O-O Be7 10. c4 O-O 11. Nc3 h6 12. Ne1 Nh7 13. Nd3 Bg5 14. c5 f5 15.
f3 fxe4 16. Nxe4 Bxc1 17. Raxc1 Ne7 18. Nb4 Ng6 19. g3 Nf6 20. Qc2 Qb5 21. Qc4
Qxc4 22. Rxc4 a5 23. Nc2 Nxd5 24. cxd6 cxd6 25. Nxd6 b6 26. Re4 Rfd8 27. Nc4
Nf6 28. Re2 Nd7 29. Rd1 b5 30. Nd6 Nc5 31. Red2 Rab8 32. Ne3 Ne6 33. Nef5 Nd4
34. Nxd4 Rxd6 35. Nf5 Rxd2 36. Rxd2 Rf8 37. g4 Nf4 38. Kf2 g6 39. Ne7+ Kf7 40.
Nc6 Ke6 41. Nxa5 Nh3+ 42. Kg2 Nf4+ 43. Kg3 Ra8 44. b4 Nd5 45. a3 Rc8 46. Nb3
Ne3 47. Rd3 Nc4 48. Nc5+ Ke7 49. Rd7+ Kf6 50. Ne4+ Ke6 51. Rg7 Nxa3 52. Rxg6+
Ke7 53. Rxh6 Nc2 54. g5 Nd4 55. Kg4 Rc1 56. Rb6 Rf1 57. g6 Rxf3 58. g7 Rf4+ 59.
Kh5 Kf7 60. Rb7+ Kg8 61. Kg6 Rg4+ 62. Ng5 Nc6 63. Rc7 Nd8 64. Re7 Rxg5+ 65.
Kxg5 Nf7+ 66. Kg6 Nd6 67. Rd7 1-0

[Event "Maccabiah IM1"]
[Site "Jerusalem"]
[Date "2013.07.23"]
[Round "3"]
[White "Alexikov, Alexander"]
[Black "Kobo, Ori"]
[Result "1-0"]
[WhiteElo "2381"]
[BlackElo "2307"]
[PlyCount "77"]
[EventDate "2013.07.21"]
[EventType "tourn"]
[EventRounds "9"]
[EventCountry "ISR"]
[EventCategory "3"]
[SourceTitle "CBM 155 Extra"]
[Source "ChessBase"]
[SourceDate "2013.08.26"]
[SourceVersion "1"]
[SourceVersionDate "2013.08.26"]
[SourceQuality "1"]

1. e4 e5 2. Nf3 Nc6 3. c3 Nf6 4. d4 exd4 5. e5 Nd5 6. Bb5 Be7 7. Nxd4 Nxd4 8.
Qxd4 c6 9. Bc4 Nb6 10. Bb3 O-O 11. Bf4 d5 12. exd6 Bf6 13. Qd3 Re8+ 14. Kf1 g6
15. Nd2 Bf5 16. Qf3 Nd5 17. Bg3 Bg5 18. Rd1 Bxd2 19. Rxd2 Qg5 20. Qd1 Bg4 21.
Qc2 Bf5 22. Qd1 Bg4 23. h4 Qf5 24. Qc1 Nf4 25. f3 Nh5 26. Kf2 Qc5+ 27. Rd4 Nxg3
28. Kxg3 Be6 29. Re1 Bxb3 30. axb3 Rad8 31. Rxe8+ Rxe8 32. Qg5 Qxg5+ 33. hxg5
Rd8 34. Kf4 Rd7 35. Ke5 Kg7 36. b4 h6 37. gxh6+ Kxh6 38. Kf6 Kh7 39. c4 1-0

[Event "FICGS__CHESS__CLASS_F__000133"]
[Site "FICGS"]
[Date "2013.07.22"]
[Round "1"]
[White "Melquiades, Jay"]
[Black "Salinas, Marcelo"]
[Result "0-1"]
[WhiteElo "853"]
[BlackElo "1036"]
[PlyCount "76"]
[EventDate "2013.??.??"]

1. e4 e5 2. Nf3 Nc6 3. c3 Nf6 4. d3 Ng4 5. Bg5 Be7 6. Bxe7 Qxe7 7. Nbd2 Qc5 8.
d4 exd4 9. Ng5 Qxg5 10. Nf3 Qg6 11. b4 a6 12. Nxd4 d6 13. b5 axb5 14. Nf5 Bxf5
15. exf5 Qxf5 16. f3 Ne3 17. Qc1 Nc2+ 18. Kf2 Qc5+ 19. Kg3 Qxc3 20. Rb1 Qe5+
21. f4 Qf5 22. Bxb5 O-O 23. Bxc6 bxc6 24. Rb7 Ra3+ 25. Rb3 Qg6+ 26. Kf2 Rxb3
27. axb3 Ra8 28. Qd2 Ra1 29. Rxa1 Nxa1 30. Qa5 Qc2+ 31. Kg3 Qd3+ 32. Kg4 g6 33.
Qa8+ Kg7 34. Qxa1+ f6 35. Qa7 h5+ 36. Kh4 g5+ 37. fxg5 Kg6 38. g4 fxg5# 0-1

[Event "Barcelona Sant Marti op-B 15th"]
[Site "Barcelona"]
[Date "2013.07.21"]
[Round "9"]
[White "De la Fuente Clemente, Constantin"]
[Black "Baum, Jonasz"]
[Result "0-1"]
[WhiteElo "1850"]
[BlackElo "1512"]
[PlyCount "148"]
[EventDate "2013.07.13"]
[EventType "swiss"]
[EventRounds "9"]
[EventCountry "ESP"]
[SourceTitle "CBM 155 Extra"]
[Source "ChessBase"]
[SourceDate "2013.08.26"]
[SourceVersion "1"]
[SourceVersionDate "2013.08.26"]
[SourceQuality "1"]

1. e4 e5 2. Nf3 Nc6 3. c3 Nf6 4. d4 exd4 5. e5 Qe7 6. cxd4 d6 7. Qe2 dxe5 8.
dxe5 Ng4 9. Bf4 Qb4+ 10. Nc3 Be6 11. Bd2 Qc5 12. Rc1 Rd8 13. Nb5 Qb6 14. h3 Nh6
15. a3 a6 16. Bxh6 gxh6 17. Nc3 Nd4 18. Nxd4 Rxd4 19. Rd1 Bc5 20. b4 Rxd1+ 21.
Nxd1 Bd4 22. Qe4 Bb3 23. Ne3 a5 24. Be2 axb4 25. a4 Bxa4 26. Nd5 Bxf2+ 27. Kf1
Qd4 28. Nf6+ Ke7 29. Qxb7 Qxe5 30. Nd5+ Kd6 31. Kxf2 Qxd5 32. Qxb4+ Qc5+ 33.
Qxc5+ Kxc5 34. Rc1+ Kd6 35. Bf3 f5 36. Rc4 Bb5 37. Rd4+ Ke6 38. Rh4 c5 39.
Rxh6+ Ke5 40. Rb6 Bd3 41. Ke3 c4 42. Rb5+ Kf6 43. Rc5 Ke6 44. Be2 Re8 45. Bxd3
Kd6+ 46. Kd4 cxd3 47. Rd5+ Kc6 48. Rc5+ Kd6 49. Rd5+ Kc6 50. Rc5+ Kb6 51. Rc1
d2 52. Rd1 Re2 53. g3 Rg2 54. Ke5 Kc5 55. Kxf5 Kd4 56. Kf4 Kd3 57. Kf3 Rh2 58.
Ra1 Kc2 59. Ra2+ Kc1 60. Ra1+ Kb2 61. Rd1 Kc2 62. Ra1 d1=Q+ 63. Rxd1 Kxd1 64.
h4 Kd2 65. Kf4 Kd3 66. Kg5 Ke4 67. g4 Ke5 68. h5 Rg2 69. Kh6 Rxg4 70. Kxh7 Kf6
71. Kh6 Rh4 72. Kh7 Rxh5+ 73. Kg8 Rh6 74. Kf8 Rh8# 0-1

[Event "Plateliai op 23rd"]
[Site "Plateliai"]
[Date "2013.07.21"]
[Round "9"]
[White "Setkauskas, Vaidas"]
[Black "Petraitis, Gintautas"]
[Result "1-0"]
[WhiteElo "2209"]
[BlackElo "1930"]
[PlyCount "95"]
[EventDate "2013.07.15"]
[EventType "swiss"]
[EventRounds "9"]
[EventCountry "LTU"]
[SourceTitle "EXT 2014"]
[Source "ChessBase"]
[SourceDate "2013.11.20"]
[SourceVersion "1"]
[SourceVersionDate "2013.11.20"]
[SourceQuality "1"]

1. e4 e5 2. Nf3 Nc6 3. c3 d5 4. Qa4 Qd6 5. Bb5 Bd7 6. O-O dxe4 7. Qxe4 f5 8.
Qe2 e4 9. d3 O-O-O 10. dxe4 fxe4 11. Ng5 Ne5 12. Bxd7+ Rxd7 13. Nxe4 Qd3 14.
Qxd3 Nxd3 15. Nbd2 Be7 16. Rb1 Nf6 17. Nxf6 Bxf6 18. Nf3 Nxc1 19. Rbxc1 Re8 20.
Rfe1 Rde7 21. Kf1 c5 22. Rxe7 Rxe7 23. Re1 Rd7 24. Re8+ Kc7 25. Ke2 b5 26. Nd2
a5 27. Re6 Re7 28. Rxe7+ Bxe7 29. Kd3 c4+ 30. Kd4 Kc6 31. Ne4 Bd8 32. h3 Bc7
33. g3 Bb6+ 34. Ke5 b4 35. g4 Kb5 36. Kd5 bxc3 37. bxc3 Ka4 38. f4 Ka3 39. Kxc4
Kxa2 40. Kb5 Bc7 41. f5 Kb3 42. c4 Kc2 43. Nc5 Kd2 44. Ne6 Be5 45. c5 Ke3 46.
Nxg7 Bxg7 47. c6 Be5 48. f6 1-0

[Event "EU-chT Seniors 15th"]
[Site "Dresden"]
[Date "2013.07.20"]
[Round "1"]
[White "Dueckstein, Andreas"]
[Black "Ranki, Martti"]
[Result "1-0"]
[WhiteElo "2192"]
[BlackElo "1925"]
[PlyCount "115"]
[EventDate "2013.07.20"]
[EventType "team-swiss"]
[EventRounds "9"]
[EventCountry "GER"]
[SourceTitle "CBM 155 Extra"]
[Source "ChessBase"]
[SourceDate "2013.08.26"]
[SourceVersion "1"]
[SourceVersionDate "2013.08.26"]
[SourceQuality "1"]
[WhiteTeam "Vienna"]
[BlackTeam "Turku"]
[WhiteTeamCountry "AUT"]
[BlackTeamCountry "FIN"]

1. e4 e5 2. Nf3 Nc6 3. c3 d6 4. d4 Be7 5. Bb5 exd4 6. cxd4 Bd7 7. Nc3 Nf6 8. e5
Ng8 9. O-O dxe5 10. dxe5 a6 11. Bc4 Be6 12. Bxe6 fxe6 13. Qb3 Qc8 14. Ne4 h6
15. Be3 Rb8 16. Rac1 Kf7 17. Rfd1 g5 18. h3 Rh7 19. g4 Rg7 20. Ng3 Kf8 21. Nd4
Nd8 22. Ne4 Rg6 23. Qc2 Kf7 24. Qxc7 Qxc7 25. Rxc7 Ke8 26. Nf3 Rg7 27. Nd6+ Kf8
28. Ba7 Ra8 29. Bc5 Rb8 30. Nc8 Nc6 31. Nxe7 Ngxe7 32. Rdd7 b6 33. Bd6 Ke8 34.
Nd4 Nxd4 35. Rxe7+ Rxe7 36. Rxe7+ Kd8 37. Rxe6 Nxe6 38. Bxb8 Nf4 39. e6 Nxe6
40. Be5 Ke7 41. Kg2 Kf7 42. Kf3 Kg6 43. Ke4 Nc5+ 44. Ke3 Nd7 45. Bd4 h5 46. Ke4
hxg4 47. hxg4 b5 48. Kd5 Kf7 49. Kd6 Ke8 50. Kc7 a5 51. a3 b4 52. a4 Ke7 53.
Kc6 Ke6 54. Kb5 Kd5 55. Bb6 Ne5 56. Bxa5 Nxg4 57. Bb6 b3 58. a5 1-0

[Event "Leiden LCT op-A 7th"]
[Site "Leiden"]
[Date "2013.07.19"]
[Round "7"]
[White "Van der Hoeven, Gerben"]
[Black "De Coverly, Roger"]
[Result "1-0"]
[WhiteElo "1962"]
[BlackElo "2036"]
[PlyCount "73"]
[EventDate "2013.07.12"]
[EventType "swiss"]
[EventRounds "9"]
[EventCountry "NED"]
[SourceTitle "CBM 155 Extra"]
[Source "ChessBase"]
[SourceDate "2013.08.26"]
[SourceVersion "1"]
[SourceVersionDate "2013.08.26"]
[SourceQuality "1"]

1. e4 e5 2. Nf3 Nc6 3. c3 Be7 4. d4 d6 5. Bb5 Bd7 6. O-O Nf6 7. d5 Nb8 8. Bd3
a5 9. h3 Na6 10. Be3 O-O 11. Nbd2 Ne8 12. Re1 g6 13. Rb1 f5 14. Bh6 Rf7 15. Nc4
Nc5 16. exf5 Nxd3 17. fxg6 hxg6 18. Qxd3 Bf5 19. Qd1 Bxb1 20. Qxb1 Kh7 21.
Ncxe5 dxe5 22. Nxe5 Rf5 23. Nxg6 Kxg6 24. Bf4 Bf6 25. g4 Qxd5 26. Re5 Qd7 27.
Rxf5 Kg7 28. Rh5 Kg8 29. g5 Bh8 30. Qg6+ Bg7 31. Be5 Rd8 32. Rh4 Qd3 33. Qe6+
Kf8 34. Rf4+ Bf6 35. Bxf6 Nxf6 36. Qxf6+ Ke8 37. Qf7# 1-0